MDQL
is popping MORE tags! Check the
thread
!
Quizzes
Events
Quiz Creation
Community
Videos
Private Events
Remove Ads
Sign In
Join for FREE
Feedback
Dark Mode
Quiz Categories
Sports
Geography
Music
Movies
Television
Just For Fun
Miscellaneous
History
Literature
Language
Science
Gaming
Entertainment
Religion
Holiday
For Kids
Quiz Lab
Recent
Popular Today
Quiz Kudos Today
Editor Picks
Curator Picks
Quizzes by...
Day
Popularity
Type
Ratings
Length
Year
Community
Subscriptions
Recent Discussions
Orange Saloon
Badges
Playlists
Quests
Create
Leaderboards
Showdown
Live 5
Trivia Bingo
Activity
Puzzle Library
Sporcle Events
Private Events
Virtual Trivia
Globe League
Become a Host
Pub Owners
SporcleCon
Opinionation
Our Games
Videos
Blog
Mobile Apps
Partnerships
Remove Ads and Go Orange
Feedback
Movies
Disney
Marvel Cinematic Universe
Movie Resume
Movie Titles
Oscar
Actor
Actress
Director
Pixar
Role
Movie Quotes
Movie Characters
Box Office
Nominee
Best Picture
Star Wars
James Bond
Horror Movies
Movies
Disney
Marvel Cinematic Universe
Movie Resume
Movie Titles
Oscar
Actor
Actress
Director
Pixar
Role
Movie Quotes
Movie Characters
Box Office
Nominee
Best Picture
Star Wars
James Bond
Horror Movies
Random Quiz
Search Sporcle
×
Quiz Lab
Quiz Lab
Movies
Trilogy
Type in answers that appear in a list
Type in answers that appear in a list
Classic
Best Score? Go Orange.
Transformers Trilogy - Who's who? Stats
Can you name the Transformers Trilogy - Who's who??
By
Espirence
15m
30 Questions
288 Plays
288 Plays
288 Plays
Comments
Comments
Give Quiz Kudos
Give Quiz Kudos
-
- Ratings
hide this ad
Random Order
Randomize order of answers
Randomize order of answers
Replay
Link that replays current quiz
Next Quiz
Link to next quiz in quiz playlist
You Got
0%
They Got
Avg Score
54%
Avg Friend Score
Upgrade to see
Score Distribution
Jump to the score distribution portion of the page
Score
0/30
Timer
15:00
0
Plays Today
Who's this?
Name:
% Correct
Kills both Jazz and Optimus:
Megatron
88.2%
Fails Megatron yet again... and again:
Starscream
86.1%
His alternate mode is a Semi Truck:
Optimus Prime
86.1%
The only female Transformers:
Arcee
78.8%
Is going to rust:
Ironhide
78.5%
Optimus Prime's second in command:
Jazz
78.1%
His father was the first wheel:
Jetfire
75%
His motto is 'to punish and enslave':
Barricade
72.6%
Betrays his Autobot brothers:
Sentinel Prime
70.8%
Changes side from Decepticon to Autobot:
Wheelie
69.1%
Single-
handedly kills a Decepticon in Shanghai:
Sideswipe
68.4%
The oldest member of the original Autobots:
Ratchet
66.3%
Nearly kills Bumblebee:
Soundwave
66%
Destroys a whole SOCCENT base:
Blackout
63.9%
The only Transformer with a handicap:
Bumblebee
62.5%
Who's this?
Name:
% Correct
Nearly kills Mudflap:
Devastator
61.5%
The only Autobot whose alternate mode isn't a vehicle:
Brains
54.5%
The only Decepticon not shown to have an alternate vehicle mode:
Shockwave
52.8%
Bumblebee's subject of guarding:
Sam Witwicky
51%
Only mentioned by name once, by Ratchet:
Jolt
42%
NEST Team leader and Major:
Lennox
41.3%
Is a cheap-
ass father:
Ron Witwicky
29.2%
Won't live with a phycotic alien in her garage:
Judy Witwicky
28.5%
Has a new job in each movie:
Simmons
28.5%
Knows how to fight against Decepticons but not how to use simple walkie-
talkies:
Epps
28.1%
Wears biker boots and carries a Decepticon in her purse:
Mikaela Banes
27.4%
Fights Sam in the trilogy's only man-
on-
man combat:
Dylan
25.3%
Mikaela's workshop dog:
Bones
21.2%
First human to communicate on equal terms with Megatron:
Carly Miller
11.8%
Supposedly related to Ponce de Leon:
Leo Spitz
10.1%
Quiz Playlist
Details
Report
Send in Message
Add To Playlist
Classic:
Type in answers that appear in a list
Random Order:
Randomize order of answers
Last Updated: Feb 16, 2017
Quiz Scoreboard
CHALLENGE
Sign Up to Join the Scoreboard
Show All
Scores
Hide
Comments
May contain spoilers
Recently Published
Two Season TV Shows II
by 123Four
Television
10m
Image Sorting: Flags VI
by Barbecue
Geography
2m
Find the 'City' Movie
by crazypaving
Movies
60s
More to Explore
Quiz From the Vault
Featured Blog Post
14 Easter Pick-up Lines to Find Eggs With
hide this ad
You Might Also Like...
Tags
Transformer
Trilogy
Today's Top Quizzes in Movies
Browse Movies
hide this ad
Today's Top Quizzes in Trilogy
Browse Trilogy
Top Contributed Quizzes in Movies
1
The ultimate James Bond movie quiz
2
Find The 'Big' Movie
3
Find The 'Wild' Movie
4
Find The 'Blue' Movie
5
Movies By Plot
6
Hidden Star Wars Character II
7
Pick 5 Posters: Directed by Spielberg
8
Hidden Star Wars Character III
9
Hidden Star Wars Character IV
10
25 Best Actor Nominees (1990s)
Explore More
Trending Topics
NBA
Disney
Kpop
Anime
Crossword
Harry Potter
Marvel
The Office
NFL
Song
Country
Puzzle
WWE
Pokémon
Soccer
hide this ad
More By:
Espirence
Quiz
Plays
Rating
Category
Featured
Created
Transformers Trilogy - Who's who?
288
Movies
May 19, 2012
Go to Creator's Profile
Score Distribution
Quiz Creator Spotlight
Espirence
Follow
Send a Message
Quizzes Created
-
Created Quiz Play Count
-
More By This Creator
Popular Quizzes Today
1
Find the US States - No Outlines Minefield
2
Colored Red Africa Blitz
3
Find the 'City' Movie
4
5x2 Blitz: Bands
5
The Countries of the World
6
Find the Countries of Europe - No Outlines Minefield
7
Find the US States
8
US States
More Movies Quizzes
Jake Gyllenhaal Movies
Published
Trending Quizzes
Colored Red Europe Blitz I
Colored Red Africa Blitz II
Colored Red Europe Blitz II
Colored Red Africa Blitz III
Colored Red Europe Blitz III
Recently Updated
How Do You Spell That?
pecheneg
Godzilla Movies
pecheneg
Grab Bag: 4-10 Letters
pecheneg
2024 March Madness Bracket
pecheneg
Famous TV Couples
Peacemaker
Champions League XIs: Real Madrid
pecheneg
Largest US Cities 1790-2010
pecheneg
Rides in Walt Disney World
pecheneg
Most Oscar Losses (Acting)
pecheneg
Beyoncé Albums
pecheneg
Trending Topics
Marvel
Disney
Kpop
NBA
Crossword
Anime
Harry Potter
Pokémon
Puzzle
WWE
Country
The Office
Soccer
NFL
Song
Your Account Isn't Verified!
In order to create a playlist on Sporcle, you need to verify the email address you used during registration. Go to your
Sporcle Settings
to finish the process.
Report this User
Report this user for behavior that violates our
Community Guidelines
.
Details:
Send Report
Go to the Sporcle.com Mobile Site →
Comments